Bedrock geology of the Randolph quandrangle [sic] Vermont, (Record no. 29738)

MARC details
000 -LEADER
fixed length control field 00931cam a22002651 4500
001 - CONTROL NUMBER
control field gs 63000273
003 - CONTROL NUMBER IDENTIFIER
control field DLC
005 - DATE AND TIME OF LATEST TRANSACTION
control field 20260227111413.0
008 - FIXED-LENGTH DATA ELEMENTS--GENERAL INFORMATION
fixed length control field 780727s1963 vtuab b 000 0 eng c
010 ## - LIBRARY OF CONGRESS CONTROL NUMBER
LC control number gs 63000273
035 ## - SYSTEM CONTROL NUMBER
System control number (OCoLC)4089527
040 ## - CATALOGING SOURCE
Original cataloging agency U.S. Geol. Survey Libr.
Transcribing agency MeLB
Modifying agency DLC
042 ## - AUTHENTICATION CODE
Authentication code premarc
043 ## - GEOGRAPHIC AREA CODE
Geographic area code n-us-vt
050 00 - LIBRARY OF CONGRESS CALL NUMBER
Classification number QE171
Item number .A3 no. 21
100 1# - MAIN ENTRY--PERSONAL NAME
Personal name Ern, Ernest H.
Fuller form of name (Ernest Henry)
245 10 - TITLE STATEMENT
Title Bedrock geology of the Randolph quandrangle [sic] Vermont,
Statement of responsibility, etc. by Ernest Henry Ern, Jr.
260 ## - PUBLICATION, DISTRIBUTION, ETC.
Place of publication, distribution, etc. Montpelier,
Name of publisher, distributor, etc. Vermont Development Dept.,
Date of publication, distribution, etc. 1963.
300 ## - PHYSICAL DESCRIPTION
Extent 96 p.
Other physical details illus., maps (part fold., part col., part in pocket)
Dimensions 23 cm.
490 1# - SERIES STATEMENT
Series statement Vermont. Geological Survey. Bulletin
Volume/sequential designation no. 21
504 ## - BIBLIOGRAPHY, ETC. NOTE
Bibliography, etc. note Bibliography: p. 93-96.
650 #0 - SUBJECT ADDED ENTRY--TOPICAL TERM
Topical term or geographic name entry element Geology
Geographic subdivision Vermont
-- Randolph quadrangle.
740 0# - ADDED ENTRY--UNCONTROLLED RELATED/ANALYTICAL TITLE
Uncontrolled related/analytical title Randolph quadrangle, Vermont.
810 1# - SERIES ADDED ENTRY--CORPORATE NAME
Corporate name or jurisdiction name as entry element Vermont.
Subordinate unit State Geologist.
Volume/sequential designation Bulletin no. 21.

No items available.

Powered by Koha